| 000 | 00000nam##2200000za#4500 |
| 001 | 9.562944 |
| 003 | CaOODSP |
| 005 | 20241203113633 |
| 007 | cr ||||||||||| |
| 008 | 150406|2007||||xxc|||||o f|0| 0 eng|d |
| 020 | |a978-0-662-46690-1 |
| 040 | |aCaOODSP|beng |
| 043 | |an-cn--- |
| 086 | 1 |aEn49-7/1-47E-PDF |
| 110 | 1 |aCanada. |bEnvironment Canada. |
| 245 | 10|aBiological test method. Test for measuring survival and reproduction of springtails exposed to contaminants in soil / |h[electronic resource]|c[prepared by] Environmental Science and Technology Centre, reviewed by Science and Technology Branch. |
| 260 | |aOttawa - Ontario : |bEnvironment Canada |cSeptember 2007. |
| 300 | |a176p.|bfigs., references, tables |
| 490 | 1 |aEnvironmental Protection series. [Reference methods]|vEPS 1/RM/47 |
| 590 | |a12-22-Supp|b2012-05-24 |
| 775 | 08|tMéthode d'essai biologique. Essai de mesure de la survie et de la croissance de collemboles exposés à des contaminants dans le sol / |w(CaOODSP)9.595037 |
| 830 | #0|aEnvironmental Protection series. [Reference methods]|vEPS 1/RM/47|w(CaOODSP)9.504905 |
| 856 | 40|ahttp://publications.gc.ca|qPDF|s1.02 MB|uhttps://publications.gc.ca/collections/collection_2012/ec/En49-7-1-47-eng.pdf|yEPS 1/RM/47 |